Budynki powyżej 500 metrów - nagła śmierć - Statystyki

Ogólne statystyki
  • Ten quiz został rozwiązany 47 razy
  • Średni wynik to 4 z 12
Answers on the Grid
Answers color-coded by a green-red scale on the quiz's grid according to % correct below.
Burdż Chalifa
Merdeka 118
Shanghai Tower
Abradż al-Bajt
Ping An Finance Center
China 117 Tower
Lotte World Tower
One World Trade Center
Guangzhou CTF Finance Tower
China Zun
Taipei 101
Tianjin CTF Finance Center
Varso Tower
Central Park Tower
Landmark 81
Łachta Centr
Wuhan Center
Petronas Towers 1
KK100
Burdż al-Arab
 
Statystyki odpowiedzi
Odpowiedź % Poprawnych
Burdż Chalifa
83%
One World Trade Center
52%
Taipei 101
52%
China 117 Tower
48%
Shanghai Tower
48%
China Zun
22%
Abradż al-Bajt
17%
Guangzhou CTF Finance Tower
17%
Lotte World Tower
17%
Tianjin CTF Finance Center
17%
Merdeka 118
13%
Ping An Finance Center
13%
Nie znaleziono quizów pasujących do podanych kryteriów
Rozkład punktacji
Procent ludzi z każdym wynikiem
Percentyl według liczby udzielonych odpowiedzi
Twoja historia wyników
Nie rozwiązałeś tego quizu